UBT Library

Fundamentals for Nursing (Record no. 55639)

000 -LEADER
fixed length control field 00320nam a22001457a 4500
008 - FIXED-LENGTH DATA ELEMENTS--GENERAL INFORMATION
fixed length control field 210303b ||||| |||| 00| 0 eng d
020 ## - INTERNATIONAL STANDARD BOOK NUMBER
International Standard Book Number 9781565335424
041 ## - LANGUAGE CODE
Language code of text/sound track or separate title eng
080 ## - UNIVERSAL DECIMAL CLASSIFICATION NUMBER
Universal Decimal Classification number 610.73
082 ## - DEWEY DECIMAL CLASSIFICATION NUMBER
Classification number 610.73
100 ## - Rafti
Rafti 1
101 ## - Shkurtesa
Shkurtesa INF
245 ## - TITLE STATEMENT
Title Fundamentals for Nursing
Statement of responsibility, etc Sommer, SH
942 ## - ADDED ENTRY ELEMENTS (KOHA)
Source of classification or shelving scheme
Item type Books
Holdings
Withdrawn status Lost status Source of classification or shelving scheme Damaged status Not for loan Collection code Permanent location Current location Shelving location Date acquired Total Checkouts Full call number Barcode Date last seen Price effective from Koha item type
          Koleksioni i përgjithshem UBT - Lipjan UBT - Lipjan Koleksioni i përgjithshem 03/03/2021   610.73 SOM 002-6000239 03/03/2021 03/03/2021 Books
          Koleksioni i përgjithshem UBT - Lipjan UBT - Lipjan   11/23/2022   610.73 SOM 002-800028700260840 11/23/2022 11/23/2022 Books
          Koleksioni i përgjithshem UBT - Lipjan UBT - Lipjan   11/23/2022   610.73 HEN 002-800028700260841 11/23/2022 11/23/2022 Books
UBT Library © 2015-2024. All rights reserved University Education for Business and Technology